Related Party TransactionUnder The Companies Act, 2013/ (Record no. 200726)
[ view plain ]
| 000 -LEADER | |
|---|---|
| fixed length control field | 00855nam a22002177a 4500 |
| 005 - DATE AND TIME OF LATEST TRANSACTION | |
| control field | 20240214104625.0 |
| 010 ## - LCCN (DPL NO) | |
| LC control number | ENG-139229 |
| 020 ## - INTERNATIONAL STANDARD BOOK NUMBER | |
| International Standard Book Number | 9788119403783 |
| Terms of availability | 2195.00 |
| 035 ## - SYSTEM CONTROL NUMBER | |
| System control number | EN-122761 |
| 037 ## - SOURCE OF ACQUISITION | |
| Source of stock number/acquisition | DBAD/PUB |
| 082 ## - DEWEY DECIMAL CLASSIFICATION NUMBER | |
| Classification number | 346.5407 |
| Edition number | 3 |
| 100 ## - MAIN ENTRY--PERSONAL NAME | |
| Personal name | Ravichandran, K S |
| 245 ## - TITLE STATEMENT | |
| Title | Related Party TransactionUnder The Companies Act, 2013/ |
| Statement of responsibility, etc | By K S Ravichandran and Forword By A K Sikri |
| 250 ## - EDITION STATEMENT | |
| Edition statement | 3 |
| 260 ## - PUBLICATION, DISTRIBUTION, ETC. (IMPRINT) | |
| Name of publisher, distributor, etc | Lexis Nexis |
| Place of publication, distribution, etc | India |
| Date of publication, distribution, etc | 2019 |
| 270 ## - ADDRESS | |
| City | Gurgaon |
| Postal code | 122002 |
| Address | 14th Floor , Building No 10, Tower-B, DLF Cyber City, phase -ll |
| Telephone number | +91 124 4774444 |
| Fax number | +91 124 4774100 |
| Electronic mail address | help.in@lexisnexis.com |
| 300 ## - PHYSICAL DESCRIPTION | |
| Extent | xlix.961p. |
| Dimensions | 25cm(hbk) |
| 500 ## - GENERAL NOTE | |
| General note | Includes Comprehensive Coverage of Loans, Guarantees and Securities Key Managerial Personnel et al |
| 700 ## - ADDED ENTRY--PERSONAL NAME | |
| Personal name | Sikri, A K |
| 9 (RLIN) | 62044 |
| 942 ## - ADDED ENTRY ELEMENTS (KOHA) | |
| Source of classification or shelving scheme | Dewey Decimal Classification |
| Item type | English Books |
| Classification part | 346.5407 |
| Call number suffix | RAV |
| Withdrawn status | Lost status | Not for loan | Collection code | Home library | Current library | Date acquired | Source of acquisition | Cost, normal purchase price | Full call number | Barcode | Copy number | Cost, replacement price | Koha item type |
|---|---|---|---|---|---|---|---|---|---|---|---|---|---|
| Not For Loan | Non-fiction | Sarojini Nagar | Sarojini Nagar | 14/02/2024 | DBAD/PUB | 2195.00 | 346.5407 RAV | EN-122761 | 1 | 2195.00 | English Books |
